Political Parties in the 2025 German Election - Statistics

General Stats
  • This quiz has been taken 82 times
  • The average score is 10 of 29
Answer Stats
Placement Answer Position / Ideology % Correct
#2 Alternative for Germany Far-Right
99%
#1 Christian Democratic Union Centre-Right
96%
#3 Social Democratic Party Centre-Left
90%
#5 The Left Left-Wing
88%
#8 Free Democratic Party Centre-Right
75%
#6 Christian Social Union Centre-Right
72%
#7 Sahra Wagenknecht Alliance Left-Wing - Far-Left
65%
#4 Alliance 90/The Greens Centre-Left
63%
#12 Die PARTEI Left-Wing / Satire
43%
#9 Free Voters Centre-Right
39%
#11 Volt Germany Centre - Centre-Left
36%
#15 South Schleswig Voters' Association Regionalism / Minority Interests
31%
#16 Ecological Democratic Party Centre-Left
24%
#21 Pirate Party Germany Direct Democracy
24%
#19 Marxist-Leninist Party of Germany Far-Left
19%
#17 Team Todenhöfer Populism
18%
#13 Grassroots Democratic Party of Germany Right-Wing
14%
#14 Bündnis Deutschland Right-Wing
11%
#22 Bavaria Party Centre-Right
8%
#18 Party of Progress Centre-Left
8%
#28 Socialist Equality Party Far-Left
8%
#24 MERA25 Direct Democracy
6%
#23 Alliance C - Christians for Germany Right-Wing
4%
#20 Party of Humanists Centre-Left
4%
#25 Values Union Right-Wing
4%
#27 Bürgerrechtsbewegung Solidarität LaRouchism
3%
#26 Human World Progressive utilization theory
3%
#29 Party for Rejuvenation Research SIngle-Issue
3%
#10 Human Environmental Animal Protection Party Left-Wing
1%
No matching quizzes found
Score Distribution
Percent of People with Each Score
Percentile by Number Answered
Your Score History
You have not taken this quiz